书目信息 |
| 题名: |
主流
|
|
| 作者: | 马特尔 著 ;刘成富 译 | |
| 分册: | ||
| 出版信息: | 北京 商务印书馆 2012.04 |
|
| 页数: | 408页 | |
| 开本: | 24cm | |
| 丛书名: | ||
| 单 册: | ||
| 中图分类: | G114 | |
| 科图分类: | ||
| 主题词: | 文化市场--研究--世界 , 文化市场 | |
| 电子资源: | ||
| ISBN: | 978-7-100-08924-1 | |
| 000 | 01326oam2 2200289 450 | |
| 001 | 010700127965 | |
| 005 | 20130701082626.90 | |
| 010 | @a978-7-100-08924-1@dCNY49.00 | |
| 100 | @a20120705d2012 em y0chiy0110 ea | |
| 101 | 1 | @achi@cfre |
| 102 | @aCN@b110000 | |
| 105 | @ay z 000yy | |
| 106 | @ar | |
| 200 | 1 | @a主流@9zhu liu@e谁将打赢全球文化战争@dMainstream@eenquete sur cette culture qui plait a tout le monde@f(法)弗雷德里克·马特尔(Frederic Martel)@g刘成富等译@zeng |
| 210 | @a北京@c商务印书馆@d2012.04 | |
| 215 | @a408页@d24cm | |
| 300 | @a国际文化版图研究文库/颜面子悦主编 | |
| 330 | @a本书勾勒了国际文化版图的竞争格局,深度揭示了美国的全球文化战略战术,为相关政府部门制定文化政策、全面落实“大发展大繁荣”战略提供了借鉴;提供了目前最全面的全球文化产业案例集,为我国文化产业的参与者、建设者提供了丰富详实的实践参照;多维呈现了功夫熊猫、阿凡达、迪斯尼、好莱坞、日本动漫、韩流等。 | |
| 510 | 1 | @aMainstream@eenquete sur cette culture qui plait a tout le monde@zeng |
| 517 | 1 | @a谁将打赢全球文化战争@9shei jiang da ying quan qiu wen hua zhan zheng |
| 606 | 0 | @a文化市场@x研究@y世界 |
| 606 | 0 | @a文化市场 |
| 690 | @aG114@v5 | |
| 701 | 0 | @c(法)@a马特尔@9ma te er@c(Martel, Frederic)@4著 |
| 702 | 0 | @a刘成富@9liu cheng fu@f(1962.1~)@4译 |
| 801 | 0 | @aCN@bNLC@c20120720 |
| 905 | @b544910-14@dG114@e26@f5 | |
| 主流:谁将打赢全球文化战争=Mainstream:enquete sur cette culture qui plait a tout le monde/(法)弗雷德里克·马特尔(Frederic Martel)/刘成富等译.-北京:商务印书馆,2012.04 |
| 408页;24cm |
| 国际文化版图研究文库/颜面子悦主编 |
| ISBN 978-7-100-08924-1:CNY49.00 |
| 本书勾勒了国际文化版图的竞争格局,深度揭示了美国的全球文化战略战术,为相关政府部门制定文化政策、全面落实“大发展大繁荣”战略提供了借鉴;提供了目前最全面的全球文化产业案例集,为我国文化产业的参与者、建设者提供了丰富详实的实践参照;多维呈现了功夫熊猫、阿凡达、迪斯尼、好莱坞、日本动漫、韩流等。 |
| ● |
| 相关链接 |
|
|
|
|
正题名:主流
索取号:G114/26
 
预约/预借
| 序号 | 登录号 | 条形码 | 馆藏地/架位号 | 状态 | 备注 |
| 1 | 544910 | 205449102 | 第一样本阅览室/ [索取号:G114/26] | 在馆 | |
| 2 | 544911 | 205449111 | 第四借阅区/ [索取号:G114/26] | 在馆 | |
| 3 | 544912 | 205449120 | 第四借阅区/ [索取号:G114/26] | 在馆 | |
| 4 | 544913 | 205449139 | 第四借阅区/ [索取号:G114/26] | 在馆 | |
| 5 | 544914 | 205449148 | 第四借阅区/ [索取号:G114/26] | 在馆 |